| 000 | 00566nam a2200205Ia 4500 | ||
|---|---|---|---|
| 003 | OSt | ||
| 005 | 20220107122722.0 | ||
| 008 | 130318s9999 xx 000 0 und d | ||
| 020 | _a8185198292 | ||
| 040 | _cIIITM-K | ||
| 082 | _a006.3 NIL/P;2 | ||
| 100 |
_aNilsson, Nils J _92276 |
||
| 245 |
_aPrinciples of artificial intelligence _cby Nils J Nilsson |
||
| 260 |
_bNarosa Publishing House, _aNew Delhi, _c1990. |
||
| 300 | _a476 | ||
| 650 |
_aCOMPUTER SCIENCE _92277 |
||
| 650 |
_aARTIFICIAL INTELLIGENCE _92278 |
||
| 650 |
_aALGORITHMS _92279 |
||
| 942 |
_2ddc _cBK |
||
| 999 |
_c3350 _d3350 |
||